000 00909nam a2200253Ia 4500
003 OSt
005 20220923222235.0
006 a|||||r|||| 00| 0
007 ta
008 220922b |||||||| |||| 00| 0 pan d
024 _a203,924
037 _cTextual
040 _aARTS
_cARTS
_bpan
041 _2pan
_apan
082 _aO153,1K66,1, 152K6
100 _aगोयल, जयभगवान, संपा.
245 0 _aगुरु गोविन्द सिंह का वीर काव्य
246 _aGuru govinda sianha kā vīr kāvya
260 _aपटियाला
_b गुरु गोविन्द सिंह संस्थान
_c1966
300 _a257पृ0
_ccm.
650 _aपंजाबी कविता
942 _hO153,1K66,1, 152K6
_cTEXL
_2CC
999 _c354674
_d354674